Summaries of judgments, advisory opinions, and orders of the International Court of Justice, 1948-1991. (Record no. 3761)

MARC details
000 -LEADER
fixed length control field 00934cam a2200265 a 4500
001 - CONTROL NUMBER
control field 2991259
003 - CONTROL NUMBER IDENTIFIER
control field OSt
005 - DATE AND TIME OF LATEST TRANSACTION
control field 20230704115427.0
008 - FIXED-LENGTH DATA ELEMENTS--GENERAL INFORMATION
fixed length control field 921229s1992 nyu w i000 0 eng
010 ## - LIBRARY OF CONGRESS CONTROL NUMBER
LC control number 92252847
020 ## - INTERNATIONAL STANDARD BOOK NUMBER
International Standard Book Number 9211334268
040 ## - CATALOGING SOURCE
Original cataloging agency DLC
Transcribing agency DLC
Modifying agency DLC
082 00 - DEWEY DECIMAL CLASSIFICATION NUMBER
Classification number 341.552
Item number UNI
245 00 - TITLE STATEMENT
Title Summaries of judgments, advisory opinions, and orders of the International Court of Justice, 1948-1991.
260 ## - PUBLICATION, DISTRIBUTION, ETC. (IMPRINT)
Place of publication, distribution, etc. New York :
Name of publisher, distributor, etc. United Nations,
Date of publication, distribution, etc. 1992.
300 ## - PHYSICAL DESCRIPTION
Extent vii, 227 p. ;
Dimensions 28 cm.
500 ## - GENERAL NOTE
General note "ST/LEG/SER.F/1."
500 ## - GENERAL NOTE
General note "United Nations publication sales no. E.92.V.5"--T.p. verso.
650 #0 - SUBJECT ADDED ENTRY--TOPICAL TERM
Topical term or geographic name as entry element Arbitration (International law)
Form subdivision Digests.
650 #0 - SUBJECT ADDED ENTRY--TOPICAL TERM
Topical term or geographic name as entry element International law
Form subdivision Digests.
710 2# - ADDED ENTRY--CORPORATE NAME
Corporate name or jurisdiction name as entry element International Court of Justice.
906 ## - LOCAL DATA ELEMENT F, LDF (RLIN)
a 7
b cbc
c orignew
d 2
e ncip
f 19
g y-gencatlg
942 ## - ADDED ENTRY ELEMENTS (KOHA)
Source of classification or shelving scheme Dewey Decimal Classification
Koha item type Books
Holdings
Withdrawn status Lost status Source of classification or shelving scheme Damaged status Not for loan Home library Current library Date acquired Total Checkouts Full call number Barcode Date last seen Price effective from Koha item type
    Dewey Decimal Classification     County Hall Archives County Hall Archives 07/04/2023   341.552 UNI 10011866 07/04/2023 07/04/2023 Books
LIBRARY OPENING HOURS

When the Parliament is sitting: 8.00a.m - 7.00p.m or until the house adjourns
Mondays and Fridays and when the House is on Recess:  8.00a.m - 5.00p.m
Closed on Weekends and Public Holidays

Online Public Access Catalog (OPAC)
Website: http://www.parliament.go.ke
Bunge Library: https://libraryir.parliament.go.ke
Contact: library@parliament.go.ke | Tel no: (254-2)2221291 or 2848000 Ext 5043